[Event "Santa Cruz de Tenerife op 9th"]
[Site "Santa Cruz de Tenerife"]
[Date "2023.07.26"]
[Round "5"]
[White "Martin Ortega, Oscar"]
[Black "Mariani, Romeo"]
[Result "1-0"]
[WhiteElo "1809"]
[BlackElo "1317"]
[PlyCount "85"]
[EventDate "2023.07.17"]
[EventType "swiss"]
[EventRounds "9"]
[EventCountry "ESP"]
[SourceTitle "CBM 215 Extra"]
[Source "ChessBase"]
[SourceDate "2023.09.30"]
[SourceVersion "1"]
[SourceVersionDate "2023.09.30"]
[SourceQuality "1"]

1. e4 e5 2. Nf3 Nc6 3. Bb5 a6 4. Ba4 b5 5. Bb3 d6 6. c3 Be6 7. d4 exd4 8. cxd4 Na5 9. Bc2 g6 10. d5 Bg4 11. Bd2 Nc4 12. Bc3 Nf6 13. h3 Bxf3 14. Qxf3 Bg7 15. 0-0 0-0 16. b3 Ne5 17. Qe2 Re8 18. Re1 Ned7 19. Qd1 Nc5 20. Nd2 Nh5 21. Bxg7 Kxg7 22. b4 Nd7 23. Bd3 Ne5 24. Bf1 c6 25. Nb3 cxd5 26. Qxd5 Qg5 27. Qd1 Re6 28. g3 Nxg3 29. fxg3 Qxg3+ 30. Bg2 Rae8 31. Rf1 g5 32. Nd4 Kg8 33. Nxe6 Rxe6 34. Qb3 Qh4 35. Rf5 Nc4 36. Qf3 h6 37. Rxf7 Ne5 38. Rf8+ Kg7 39. Qf2 Qxf2+ 40. Rxf2 Nd3 41. Rd2 Nxb4 42. Rc1 Kf6 43. a3 1-0

[Event "Tenerife-chT Primera 1819"]
[Site "Tenerife"]
[Date "2019.02.23"]
[Round "9.1"]
[White "Martin Ortega, Oscar"]
[Black "Septien Lopez, Valeriano"]
[Result "0-1"]
[WhiteElo "1840"]
[BlackElo "1848"]
[PlyCount "68"]
[EventDate "2018.11.24"]
[EventType "team-tourn"]
[EventRounds "14"]
[EventCountry "ESP"]
[SourceTitle "CBM 189 Extra"]
[Source "ChessBase"]
[SourceDate "2019.06.03"]
[SourceVersion "1"]
[SourceVersionDate "2019.06.03"]
[SourceQuality "1"]
[WhiteTeam "La Victoria 94"]
[BlackTeam "El Sauzal Libreria Barco"]
[WhiteTeamCountry "ESP"]
[BlackTeamCountry "ESP"]

1. e4 c5 2. Nf3 Nc6 3. d4 cxd4 4. Nxd4 g6 5. c4 Bg7 6. Be3 Nf6 7. Nc3 Ng4 8. Qxg4 Nxd4 9. Qd1 Nc6 10. Rc1 d6 11. Be2 0-0 12. 0-0 Be6 13. b3 Rc8 14. Qd2 f5 15. exf5 Bxf5 16. Bf3 Qd7 17. Rfe1 Ne5 18. Be4 Bxe4 19. Nxe4 Qg4 20. Ng3 b6 21. h3 Qe6 22. f4 Nc6 23. Bxb6 Qxe1+ 24. Rxe1 axb6 25. Ne4 Nd4 26. Nc3 e5 27. Nd5 Rb8 28. Rf1 Rbe8 29. fxe5 Rxf1+ 30. Kxf1 Bxe5 31. Nc3 Bg3 32. Nd5 Re6 33. Nxb6 Nc2 34. Qd5 Ne3+ 0-1

[Event "Tenerife-chT Primera 1819"]
[Site "Tenerife"]
[Date "2019.01.19"]
[Round "5.1"]
[White "Martin Ortega, Oscar"]
[Black "Mamani Beltran, Daniel"]
[Result "1/2-1/2"]
[WhiteElo "1840"]
[BlackElo "1894"]
[PlyCount "49"]
[EventDate "2018.11.24"]
[EventType "team-tourn"]
[EventRounds "14"]
[EventCountry "ESP"]
[SourceTitle "CBM 189 Extra"]
[Source "ChessBase"]
[SourceDate "2019.06.03"]
[SourceVersion "1"]
[SourceVersionDate "2019.06.03"]
[SourceQuality "1"]
[WhiteTeam "La Victoria 94"]
[BlackTeam "Fundacion La Caja de Canarias II"]
[WhiteTeamCountry "ESP"]
[BlackTeamCountry "ESP"]

1. d4 d5 2. c4 e6 3. Nf3 Be7 4. g3 Nf6 5. Bg2 0-0 6. 0-0 b6 7. Qc2 Bb7 8. Rd1 Na6 9. b3 c5 10. dxc5 Nxc5 11. Nc3 Rc8 12. Bb2 a6 13. Rac1 Nce4 14. Nxe4 Nxe4 15. Qb1 Bc5 16. e3 Qe7 17. Ne5 Rfd8 18. Nd3 Bd6 19. Bxe4 dxe4 20. Nf4 Bxf4 21. gxf4 Qh4 22. Qc2 Qg4+ 23. Kh1 Qf3+ 24. Kg1 Re8 25. Rd6 1/2-1/2

[Event "Tenerife-chT Primera 1819"]
[Site "Tenerife"]
[Date "2018.12.15"]
[Round "3.1"]
[White "Martin Ortega, Oscar"]
[Black "Quintero Perdomo, Alberto"]
[Result "1-0"]
[WhiteElo "1840"]
[BlackElo "1805"]
[PlyCount "101"]
[EventDate "2018.11.24"]
[EventType "team-tourn"]
[EventRounds "14"]
[EventCountry "ESP"]
[SourceTitle "CBM 189 Extra"]
[Source "ChessBase"]
[SourceDate "2019.06.03"]
[SourceVersion "1"]
[SourceVersionDate "2019.06.03"]
[SourceQuality "1"]
[WhiteTeam "La Victoria 94"]
[BlackTeam "Universidad"]
[WhiteTeamCountry "ESP"]
[BlackTeamCountry "ESP"]

1. e4 g6 2. d4 Bg7 3. Nc3 d6 4. f4 Nf6 5. Nf3 c6 6. Bd3 0-0 7. 0-0 Qb6 8. h3 e5 9. Na4 Qa5 10. c3 b5 11. fxe5 dxe5 12. Nc5 exd4 13. cxd4 Nfd7 14. Nb3 Qb6 15. Be3 a5 16. Rc1 a4 17. Nbd2 Ne5 18. Nxe5 Bxe5 19. Nf3 Bg7 20. Qe2 Qb7 21. Qf2 Be6 22. a3 f6 23. Bf4 Qd7 24. Rfd1 Bb3 25. Bc2 Bc4 26. Qd2 Na6 27. Qe3 Rae8 28. Qc3 Rf7 29. Re1 Rd8 30. Bxa4 f5 31. e5 Nc7 32. Ng5 Re7 33. Bb3 Qxd4+ 34. Qxd4 Rxd4 35. Bxc4+ bxc4 36. Be3 Rd5 37. Rxc4 Bxe5 38. Rxc6 Bg3 39. Bf2 Bf4 40. Ne6 Nxe6 41. Rcxe6 Red7 42. Rb6 Rd8 43. Be3 Rd1 44. Bf2 R1d2 45. g3 Bb8 46. Rb7 Bd6 47. a4 Bb8 48. a5 Rc2 49. a6 Rdd2 50. a7 Rxf2 51. Rxb8+ 1-0

[Event "Santa Cruz de Tenerife Verano op"]
[Site "Santa Cruz de Tenerife"]
[Date "2018.08.27"]
[Round "4"]
[White "Perez Garcia, Saul"]
[Black "Martin Ortega, Oscar"]
[Result "1-0"]
[WhiteElo "1797"]
[BlackElo "1881"]
[PlyCount "55"]
[EventDate "2018.08.20"]
[EventType "swiss"]
[EventRounds "9"]
[EventCountry "ESP"]
[SourceTitle "CBM 186 Extra"]
[Source "ChessBase"]
[SourceDate "2018.08.24"]
[SourceVersion "1"]
[SourceVersionDate "2018.08.24"]
[SourceQuality "1"]

1. d4 Nf6 2. Bg5 Ne4 3. Bf4 c5 4. d5 e6 5. f3 Bd6 6. Bxd6 Nxd6 7. e4 Qb6 8. b3 exd5 9. Qxd5 0-0 10. Bd3 Ne8 11. Nc3 d6 12. Nge2 Nc6 13. Na4 Qc7 14. Qg5 Ne5 15. Nb2 Be6 16. c4 Nxd3+ 17. Nxd3 f5 18. 0-0 fxe4 19. fxe4 Nf6 20. Ng3 Rae8 21. Rae1 Kh8 22. Nf4 Qe7 23. e5 dxe5 24. Qxe5 Qd7 25. Nxe6 Rf7 26. Ne4 Rxe6 27. Nxf6 Rexf6 28. Qe8+ 1-0

[Event "Tenerife-chT Primera 1718"]
[Site "Tenerife"]
[Date "2018.03.10"]
[Round "12.2"]
[White "Baskewitsch, Pierre"]
[Black "Martin Ortega, Oscar"]
[Result "1-0"]
[WhiteElo "1912"]
[BlackElo "1849"]
[PlyCount "51"]
[EventDate "2017.11.11"]
[EventType "team-tourn"]
[EventRounds "14"]
[EventCountry "ESP"]
[SourceTitle "CBM 187 Extra"]
[Source "ChessBase"]
[SourceDate "2018.11.04"]
[SourceVersion "1"]
[SourceVersionDate "2018.11.04"]
[SourceQuality "1"]
[WhiteTeam "Al Shah Mat Los Realejos III"]
[BlackTeam "La Victoria 94 II"]
[WhiteTeamCountry "ESP"]
[BlackTeamCountry "ESP"]

1. d4 Nf6 2. Nf3 e6 3. Bg5 c5 4. c3 d5 5. e3 Nc6 6. Bb5 Qb6 7. Qe2 a6 8. Bxc6+ bxc6 9. Bxf6 gxf6 10. 0-0 a5 11. Qc2 f5 12. Nbd2 Bd6 13. c4 Ba6 14. Rfc1 Rc8 15. dxc5 Bxc5 16. Qc3 Ke7 17. a3 a4 18. Rab1 Qa7 19. Qg7 Rcg8 20. Qh6 Rg6 21. Qh4+ Rf6 22. cxd5 cxd5 23. Qxa4 Bd3 24. Qxa7+ Bxa7 25. Rc7+ Kd6 26. Rbc1 1-0

[Event "Santa Cruz de Tenerife March 18 op"]
[Site "Santa Cruz de Tenerife"]
[Date "2018.03.07"]
[Round "2"]
[White "Martin Ortega, Oscar"]
[Black "Perez Perez, Gabriel"]
[Result "1-0"]
[WhiteElo "1898"]
[BlackElo "2162"]
[PlyCount "79"]
[EventDate "2018.03.05"]
[EventType "swiss"]
[EventRounds "9"]
[EventCountry "ESP"]
[SourceTitle "CBM 183 Extra"]
[Source "ChessBase"]
[SourceDate "2018.04.19"]
[SourceVersion "1"]
[SourceVersionDate "2018.04.19"]
[SourceQuality "1"]

1. e4 c5 2. Nf3 d6 3. d4 cxd4 4. Nxd4 Nf6 5. Nc3 a6 6. f3 e5 7. Nb3 Be6 8. Be3 Be7 9. Qd2 Nbd7 10. 0-0-0 0-0 11. Kb1 b5 12. g4 Nb6 13. Na5 Qc7 14. g5 Nfd7 15. Rg1 b4 16. Nd5 Nxd5 17. exd5 Bf5 18. Nc6 Bd8 19. Qxb4 a5 20. Qb5 Nb8 21. Bd3 Bd7 22. Be4 Na6 23. a3 Qc8 24. Qd3 g6 25. h4 Nc7 26. h5 Bf5 27. Bb6 Kg7 28. Nxd8 Bxe4 29. fxe4 Rxd8 30. Qf3 gxh5 31. Qxh5 Rb8 32. Rdf1 Qd7 33. Qh6+ Kg8 34. Bxc7 Qxc7 35. Rh1 f5 36. gxf6 Rd7 37. Rhg1+ Kh8 38. Rg3 Rg8 39. Rxg8+ Kxg8 40. Rg1+ 1-0

[Event "Tenerife-chT Primera 1718"]
[Site "Tenerife"]
[Date "2017.11.18"]
[Round "2.2"]
[White "Hernandez Estevez, Andres David"]
[Black "Martin Ortega, Oscar"]
[Result "0-1"]
[WhiteElo "1424"]
[BlackElo "1849"]
[PlyCount "80"]
[EventDate "2017.11.11"]
[EventType "team-tourn"]
[EventRounds "14"]
[EventCountry "ESP"]
[SourceTitle "CBM 187 Extra"]
[Source "ChessBase"]
[SourceDate "2018.11.04"]
[SourceVersion "1"]
[SourceVersionDate "2018.11.04"]
[SourceQuality "1"]
[WhiteTeam "Playa San Juan III"]
[BlackTeam "La Victoria 94 II"]
[WhiteTeamCountry "ESP"]
[BlackTeamCountry "ESP"]

1. d4 Nf6 2. Bf4 d6 3. e3 g6 4. Nf3 Bg7 5. Be2 0-0 6. h3 Nbd7 7. 0-0 Qe8 8. c4 e5 9. Bh2 Qe7 10. Nc3 c6 11. Rc1 Ne8 12. b4 f5 13. c5 e4 14. Nd2 d5 15. b5 g5 16. bxc6 bxc6 17. Qa4 Qe6 18. f4 exf3 19. Rxf3 h5 20. e4 g4 21. hxg4 hxg4 22. Rxf5 Rxf5 23. exf5 Qe3+ 24. Kh1 Qxd2 25. Qxc6 Qxc1+ 26. Bg1 Qh6+ 27. Qxh6 Bxh6 28. Nxd5 Nef6 29. Ne7+ Kf8 30. Ng6+ Kf7 31. Bd3 Bb7 32. Bh2 Be4 33. Bxe4 Nxe4 34. Be5 Nef6 35. d5 Nxc5 36. d6 Ncd7 37. Bd4 a6 38. Ne7 Bf4 39. Bxf6 Nxf6 40. d7 Nxd7 0-1

[Event "Canarias-chT"]
[Site "San Cristobal de La Laguna"]
[Date "2017.06.24"]
[Round "5.1"]
[White "Martin Luis, Cesar"]
[Black "Martin Ortega, Oscar"]
[Result "1-0"]
[WhiteElo "2141"]
[BlackElo "1901"]
[PlyCount "81"]
[EventDate "2017.06.22"]
[EventType "team-swiss"]
[EventRounds "6"]
[EventCountry "ESP"]
[SourceTitle "EXT 2024"]
[Source "ChessBase"]
[SourceDate "2023.10.10"]
[SourceVersion "1"]
[SourceVersionDate "2023.10.10"]
[SourceQuality "1"]
[WhiteTeam "Rey Ahogado"]
[BlackTeam "La Victoria 94"]
[WhiteTeamCountry "ESP"]
[BlackTeamCountry "ESP"]

1. b4 e5 2. Bb2 d6 3. e4 Nf6 4. d3 g6 5. Nf3 Bg7 6. g3 0-0 7. Bg2 Nh5 8. d4 Nc6 9. b5 Nxd4 10. Nxd4 exd4 11. Bxd4 Bxd4 12. Qxd4 Qf6 13. Qxf6 Nxf6 14. 0-0 Be6 15. Nd2 Nd7 16. a4 Nc5 17. Rfc1 Rab8 18. Re1 f6 19. Bf1 Rfe8 20. f3 Re7 21. Bc4 Rbe8 22. Kf2 Bf7 23. a5 Re5 24. Bxf7+ Kxf7 25. b6 axb6 26. axb6 c6 27. Nc4 R5e6 28. Red1 d5 29. exd5 Re2+ 30. Kf1 Kf8 31. dxc6 Rxc2 32. c7 Rxc4 33. Rac1 Rxc1 34. Rxc1 Ke7 35. Rxc5 Kd7 36. Rc4 Ra8 37. Rd4+ Ke7 38. Ra4 Rc8 39. Ra7 Kd7 40. Rxb7 Kc6 41. Rb8 1-0

[Event "Canarias-chT"]
[Site "San Cristobal de La Laguna"]
[Date "2017.06.24"]
[Round "4.1"]
[White "Martin Ortega, Oscar"]
[Black "Gutierrez Olivares, Daniel"]
[Result "0-1"]
[WhiteElo "1901"]
[BlackElo "2326"]
[PlyCount "52"]
[EventDate "2017.06.22"]
[EventType "team-swiss"]
[EventRounds "6"]
[EventCountry "ESP"]
[SourceTitle "EXT 2024"]
[Source "ChessBase"]
[SourceDate "2023.10.10"]
[SourceVersion "1"]
[SourceVersionDate "2023.10.10"]
[SourceQuality "1"]
[WhiteTeam "La Victoria 94"]
[BlackTeam "Grandama Santa Lucia"]
[WhiteTeamCountry "ESP"]
[BlackTeamCountry "ESP"]

1. e4 e6 2. d4 d5 3. Nc3 Bb4 4. exd5 exd5 5. Bd3 Nc6 6. a3 Bxc3+ 7. bxc3 Nge7 8. Qh5 Be6 9. Rb1 b6 10. Nf3 Qd7 11. Ng5 g6 12. Qe2 Bg4 13. Nf3 f6 14. h3 Bf5 15. Bxf5 Qxf5 16. 0-0 0-0-0 17. Be3 h5 18. c4 g5 19. cxd5 Nxd5 20. c4 Nc3 21. Qb2 Nxb1 22. Rxb1 g4 23. Nh4 Qe4 24. hxg4 hxg4 25. g3 Nxd4 26. Bxd4 Rxd4 0-1

[Event "Santa Cruz de Tenerife Trophy"]
[Site "Santa Cruz de Tenerife"]
[Date "2017.05.09"]
[Round "9"]
[White "Martin Ortega, Oscar"]
[Black "Schneider Sanchez, Carlos Domingo"]
[Result "0-1"]
[WhiteElo "1943"]
[BlackElo "2031"]
[PlyCount "120"]
[EventDate "2017.03.09"]
[EventType "swiss"]
[EventRounds "9"]
[EventCountry "ESP"]
[SourceTitle "EXT 2018"]
[Source "ChessBase"]
[SourceDate "2017.10.13"]
[SourceVersion "1"]
[SourceVersionDate "2017.10.13"]
[SourceQuality "1"]

1. e4 e6 2. d4 d5 3. Nd2 dxe4 4. Nxe4 Bd7 5. Nf3 Bc6 6. Bd3 Nd7 7. 0-0 Ngf6 8. Ng3 Be7 9. Re1 Bxf3 10. Qxf3 c6 11. c3 0-0 12. Bc2 Re8 13. Qd3 Nf8 14. Ne4 Nd5 15. a3 Qc7 16. g3 Rad8 17. Qe2 Rd7 18. Bg5 Bxg5 19. Nxg5 Red8 20. Rad1 Nf6 21. Nf3 c5 22. Ba4 Rd6 23. Qc4 Rc8 24. dxc5 Rxd1 25. Rxd1 Qxc5 26. Qxc5 Rxc5 27. Rd8 g6 28. Kf1 Kg7 29. Rd2 Nd5 30. Bd1 Kf6 31. Ne1 Nd7 32. Bf3 N7b6 33. Be2 Nc4 34. Rc2 b5 35. Nd3 Rc7 36. Ke1 a5 37. Nc1 a4 38. Nd3 h5 39. Nb4 Ndb6 40. Bf3 Rc5 41. Nd3 Rc7 42. Nf4 Ne5 43. Be2 Nec4 44. Bf3 Rc5 45. Nd3 Rc8 46. Bb7 Rc7 47. Bf3 e5 48. Nb4 Ke6 49. Re2 f5 50. Bc6 Nd6 51. Bg2 h4 52. Nd3 e4 53. f3 hxg3 54. hxg3 Rc4 55. fxe4 Nxe4 56. Nf4+ Kf6 57. Bxe4 fxe4 58. Rd2 Rc6 59. Nd5+ Ke5 60. Nxb6 Rxb6 0-1

[Event "Santa Cruz de Tenerife Trophy"]
[Site "Santa Cruz de Tenerife"]
[Date "2017.04.20"]
[Round "6"]
[White "Figueroa Pahissa, Tito Javier"]
[Black "Martin Ortega, Oscar"]
[Result "1-0"]
[WhiteElo "1618"]
[BlackElo "1943"]
[PlyCount "109"]
[EventDate "2017.03.09"]
[EventType "swiss"]
[EventRounds "9"]
[EventCountry "ESP"]
[SourceTitle "EXT 2018"]
[Source "ChessBase"]
[SourceDate "2017.10.13"]
[SourceVersion "1"]
[SourceVersionDate "2017.10.13"]
[SourceQuality "1"]

1. f4 Nf6 2. Nf3 c5 3. e3 g6 4. b3 Bg7 5. Bb2 0-0 6. Nc3 d5 7. Be2 Nc6 8. 0-0 a6 9. Na4 b6 10. Ne5 Nxe5 11. Bxe5 Bb7 12. Bf3 Ne8 13. Bxg7 Nxg7 14. c4 e6 15. Nc3 Qd7 16. Qe1 dxc4 17. Bxb7 Qxb7 18. bxc4 b5 19. Rb1 b4 20. a3 Qe7 21. axb4 cxb4 22. Ne4 a5 23. c5 Rfc8 24. d4 b3 25. Qc3 f5 26. Nd2 a4 27. Nc4 Qc7 28. Rb2 Ne8 29. Ra1 Nf6 30. Qd3 Nd5 31. Na3 Qb7 32. Qc4 Kf7 33. Kf2 Qc6 34. Qd3 h6 35. Nc4 Kg7 36. Ne5 Qc7 37. Nc4 Nb4 38. Qc3 Nd5 39. Qd3 Kh7 40. Na3 g5 41. g3 Rg8 42. fxg5 hxg5 43. e4 Ne7 44. e5 Kg7 45. Nc4 Qc6 46. Nb6 Nd5 47. Nxa8 Rxa8 48. Qc4 Rh8 49. Kg1 Ne3 50. Qxa4 Qd5 51. Qa7+ Kg6 52. Qe7 Rh7 53. Qe8+ Kh6 54. Ra6 Rb7 55. Rxe6+ 1-0

[Event "Santa Cruz de Tenerife Trophy"]
[Site "Santa Cruz de Tenerife"]
[Date "2017.03.23"]
[Round "3"]
[White "Meneses Gonzalez, Kevin Moises"]
[Black "Martin Ortega, Oscar"]
[Result "1-0"]
[WhiteElo "2317"]
[BlackElo "1943"]
[PlyCount "57"]
[EventDate "2017.03.09"]
[EventType "swiss"]
[EventRounds "9"]
[EventCountry "ESP"]
[SourceTitle "EXT 2018"]
[Source "ChessBase"]
[SourceDate "2017.10.13"]
[SourceVersion "1"]
[SourceVersionDate "2017.10.13"]
[SourceQuality "1"]

1. e4 e5 2. Nf3 Nc6 3. Bb5 a6 4. Ba4 Nf6 5. 0-0 Be7 6. Re1 b5 7. Bb3 d6 8. c3 0-0 9. h3 Na5 10. Bc2 c5 11. d4 cxd4 12. cxd4 Bb7 13. d5 Nc4 14. a4 Nb6 15. Bd2 Nxa4 16. Bxa4 bxa4 17. Rxa4 Nd7 18. Na3 Nc5 19. Rb4 a5 20. Rb5 a4 21. Bc3 Ba6 22. Rxc5 dxc5 23. Nxe5 Bb7 24. Qg4 Bf6 25. Nac4 Ba6 26. Ne3 Re8 27. Nc6 Qc8 28. Nf5 g6 29. Bxf6 1-0

[Event "Tenerife-chT Primera 1617"]
[Site "Tenerife"]
[Date "2017.02.18"]
[Round "7.1"]
[White "Exposito Hernandez, Samuel"]
[Black "Martin Ortega, Oscar"]
[Result "0-1"]
[WhiteElo "1589"]
[BlackElo "1918"]
[PlyCount "74"]
[EventDate "2016.12.10"]
[EventType "team-tourn"]
[EventRounds "14"]
[EventCountry "ESP"]
[SourceTitle "CBM 176 Extra"]
[Source "ChessBase"]
[SourceDate "2017.03.02"]
[SourceVersion "1"]
[SourceVersionDate "2017.03.02"]
[SourceQuality "1"]
[WhiteTeam "Laguna Cotelec II"]
[BlackTeam "La Victoria 94"]
[WhiteTeamCountry "ESP"]
[BlackTeamCountry "ESP"]

1. e4 c5 2. Nf3 e6 3. c4 b6 4. Nc3 Bb7 5. d4 cxd4 6. Nxd4 d6 7. Be3 Nf6 8. f3 Be7 9. Be2 Nbd7 10. Nc2 0-0 11. 0-0 a6 12. Qd2 Qc7 13. Rad1 Rac8 14. Bf4 Ne5 15. Ne3 Nh5 16. Bg3 Nxg3 17. hxg3 Nd7 18. f4 Bc6 19. Kf2 Qb7 20. Rh1 Nc5 21. Bf3 Nxe4+ 22. Nxe4 Bxe4 23. Qd3 d5 24. Bxe4 dxe4 25. Qe2 g6 26. Rh3 f5 27. g4 Bc5 28. gxf5 exf5 29. b3 Qc7 30. Kg3 Bxe3 31. Qxe3 Rcd8 32. Rhh1 Rd6 33. Rd4 Qc5 34. Rhd1 Rfd8 35. b4 Qxb4 36. Rxd6 Rxd6 37. Rd4 Qc5 0-1

[Event "Tenerife-chT Primera 1617"]
[Site "Tenerife"]
[Date "2017.02.04"]
[Round "6.1"]
[White "Martin Ortega, Oscar"]
[Black "Brito Rodriguez, Cristian"]
[Result "1-0"]
[WhiteElo "1918"]
[BlackElo "1573"]
[PlyCount "55"]
[EventDate "2016.12.10"]
[EventType "team-tourn"]
[EventRounds "14"]
[EventCountry "ESP"]
[SourceTitle "CBM 176 Extra"]
[Source "ChessBase"]
[SourceDate "2017.03.02"]
[SourceVersion "1"]
[SourceVersionDate "2017.03.02"]
[SourceQuality "1"]
[WhiteTeam "La Victoria 94"]
[BlackTeam "Benito"]
[WhiteTeamCountry "ESP"]
[BlackTeamCountry "ESP"]

1. e4 e6 2. d4 d5 3. Nd2 Be7 4. Ngf3 Nf6 5. e5 Nfd7 6. Bd3 c5 7. c3 Nc6 8. 0-0 g5 9. dxc5 Nxc5 10. Bb5 Nd7 11. Qa4 Qc7 12. Re1 a6 13. Bxc6 bxc6 14. Nb3 Rg8 15. Qg4 h6 16. h4 Bb7 17. hxg5 hxg5 18. Qh5 g4 19. Ng5 Nxe5 20. Nxe6 Nf3+ 21. gxf3 gxf3+ 22. Kf1 Qb6 23. Nbd4 a5 24. Ng5 Ba6+ 25. Kg1 0-0-0 26. Rxe7 c5 27. Bf4 f5 28. Rc7+ 1-0

[Event "Santa Cruz de Tenerife op"]
[Site "Santa Cruz de Tenerife"]
[Date "2016.08.23"]
[Round "7"]
[White "Aguirre Lorenzo, Luis Francisco"]
[Black "Martin Ortega, Oscar"]
[Result "0-1"]
[WhiteElo "1987"]
[BlackElo "1909"]
[PlyCount "100"]
[EventDate "2016.08.08"]
[EventType "swiss"]
[EventRounds "9"]
[EventCountry "ESP"]
[SourceTitle "CBM 174 Extra"]
[Source "ChessBase"]
[SourceDate "2016.10.10"]
[SourceVersion "1"]
[SourceVersionDate "2016.10.10"]
[SourceQuality "1"]

1. d4 Nf6 2. c4 e6 3. Nc3 d5 4. Bg5 Be7 5. e3 0-0 6. Nf3 c6 7. Qc2 Nbd7 8. Bd3 dxc4 9. Bxc4 Nd5 10. Bxe7 Qxe7 11. a3 Nxc3 12. Qxc3 b6 13. Rd1 Bb7 14. 0-0 c5 15. d5 exd5 16. Bxd5 Bxd5 17. Rxd5 Nf6 18. Rg5 Rfd8 19. e4 g6 20. Qe5 Qxe5 21. Rxe5 Kf8 22. Re1 h6 23. h3 Rd3 24. Re2 Rd1+ 25. Kh2 Rad8 26. Rc2 Nd7 27. Rd5 Rxd5 28. exd5 Nf6 29. b4 Rxd5 30. bxc5 Rxc5 31. Rxc5 bxc5 32. Ne5 Ne4 33. f3 Nd2 34. Nd7+ Ke7 35. Nxc5 Kd6 36. Nd3 Nc4 37. a4 a5 38. Kg3 Nb6 39. Nb2 Kc5 40. Kf4 Kb4 41. Ke5 Kb3 42. Kf6 Kxb2 43. Kxf7 Nxa4 44. Kxg6 Nc5 45. f4 a4 46. f5 Ne4 47. Kxh6 a3 48. g4 a2 49. g5 a1Q 50. h4 Qh1 0-1

[Event "Santa Cruz de Tenerife op"]
[Site "Santa Cruz de Tenerife"]
[Date "2016.08.11"]
[Round "4"]
[White "Pinto Henriquez, Rodrigo"]
[Black "Martin Ortega, Oscar"]
[Result "0-1"]
[WhiteElo "2240"]
[BlackElo "1909"]
[PlyCount "94"]
[EventDate "2016.08.08"]
[EventType "swiss"]
[EventRounds "9"]
[EventCountry "ESP"]
[SourceTitle "CBM 174 Extra"]
[Source "ChessBase"]
[SourceDate "2016.10.10"]
[SourceVersion "1"]
[SourceVersionDate "2016.10.10"]
[SourceQuality "1"]

1. e4 c5 2. Nf3 Nc6 3. Bb5 e6 4. 0-0 Nge7 5. Re1 a6 6. Bf1 d5 7. exd5 Nxd5 8. d4 Be7 9. Nbd2 0-0 10. Ne4 Nxd4 11. Nxd4 cxd4 12. Qxd4 Bd7 13. a3 Bc6 14. Bd3 Nf6 15. Qe3 Nxe4 16. Bxe4 Qc7 17. Bd2 Bf6 18. Rab1 Bxe4 19. Qxe4 Rac8 20. c3 Rfd8 21. Rbd1 Qc6 22. Qxc6 Rxc6 23. Bf4 Rcc8 24. Kf1 Rxd1 25. Rxd1 Rd8 26. Rxd8+ Bxd8 27. Bd6 f6 28. Ke2 Kf7 29. Kd3 Ke8 30. Ke4 Kd7 31. Bf8 g6 32. a4 Bc7 33. h3 Bd6 34. Bxd6 Kxd6 35. b4 b6 36. Kd4 e5+ 37. Kc4 f5 38. Kd3 Ke7 39. f3 Kd7 40. g4 Kc7 41. g5 Kd7 42. Kc4 Kd6 43. h4 Kc6 44. Kd3 b5 45. axb5+ Kxb5 46. f4 exf4 47. Kd4 f3 0-1

[Event "Santa Cruz de Tenerife op"]
[Site "Santa Cruz de Tenerife"]
[Date "2016.08.08"]
[Round "1"]
[White "Martin Ortega, Oscar"]
[Black "Marconi Saltari, Carlos Alberto"]
[Result "1-0"]
[WhiteElo "1909"]
[BlackElo "1373"]
[PlyCount "45"]
[EventDate "2016.08.08"]
[EventType "swiss"]
[EventRounds "9"]
[EventCountry "ESP"]
[SourceTitle "CBM 174 Extra"]
[Source "ChessBase"]
[SourceDate "2016.10.10"]
[SourceVersion "1"]
[SourceVersionDate "2016.10.10"]
[SourceQuality "1"]

1. e4 e5 2. Nf3 Nc6 3. Bb5 a6 4. Ba4 Nf6 5. 0-0 Be7 6. Re1 0-0 7. c3 Re8 8. d4 Bd6 9. Nbd2 exd4 10. cxd4 Bf4 11. Bc2 Nb4 12. Bb1 d5 13. e5 Nd7 14. Qb3 a5 15. a3 Nc6 16. Qxd5 Nb6 17. Qe4 g6 18. Qxf4 Nd5 19. Qh6 f6 20. Ne4 fxe5 21. Bg5 Nce7 22. Ba2 Qd6 23. Nxd6 1-0